header

Postmemories of terror (Record no. 189336)

MARC details
000 -LEADER
fixed length control field 01830nam a2200409Ia 4500
082 04 - DEWEY DECIMAL CLASSIFICATION NUMBER
Classification number 982/.024
100 1# - MAIN ENTRY--AUTHOR NAME
Personal name Kaiser, Susana,
245 10 - TITLE STATEMENT
Title Postmemories of terror
260 ## - PUBLICATION, DISTRIBUTION, ETC. (IMPRINT)
Place of publication New York :
Name of publisher Palgrave Macmillan,
Year of publication c2005.
300 ## - PHYSICAL DESCRIPTION
Number of Pages xii, 242 p.
490 1# - SERIES STATEMENT
Series statement Palgrave studies in oral history
650 #0 - SUBJECT ADDED ENTRY--TOPICAL TERM
Topical Term State-sponsored terrorism
Topical Term Memory
Topical Term Youth
Topical Term Youth
Topical Term Public opinion
856 40 - ELECTRONIC LOCATION AND ACCESS
Uniform Resource Identifier http://site.ebrary.com/lib/rucke/Doc?id=10135737

No items available.

© 2026 Rongo University
Contact us: librarian | system librarian | Rongo university